000 01224cam a2200217 4500500
005 20260222003301.0
041 _afre
042 _adc
100 1 0 _aPillet, Erik
_eauthor
245 0 0 _aLes assistants volontaires : une dynamique renouvelée à l'Arche
260 _c2014.
500 _a64
520 _aL’originalité du fonctionnement d’un établissement de l’Arche tient à sa dimension communautaire et au « vivre ensemble » qui, vécus à côté de la dimension professionnelle, interrogent la notion de « juste distance » souvent évoquée dans la relation entre l’aidant et l’aidé. Dans les communautés de l’Arche, des jeunes volontaires du service civique s’engagent pendant un an à vivre leur vie quotidienne avec des adultes en situation de handicap mental ; ils apportent et découvrent pour eux-mêmes une valeur ajoutée relationnelle très riche.
690 _aassistants
690 _acommunauté
690 _ajeunes non professionnels
690 _arelations réciproques
690 _avivre ensemble
786 0 _nEmpan | 94 | 2 | 2014-06-01 | p. 89-95 | 1152-3336
856 4 1 _uhttps://shs.cairn.info/revue-empan-2014-2-page-89?lang=fr&redirect-ssocas=7080
999 _c1667367
_d1667367